000 01024cam a22002651 4500
001 31065
003 BD-RjUL
005 20211209051645.0
008 140413s1928 nyu 001 0 eng
035 _a(BD-RjUL)31152
035 _a(OCoLC)1612690
040 _aDLC
_cMoK
_dOCoLC
_dDLC
_beng
041 _aeng
082 _a210
_bRUR 1928
100 1 _aRutherford, J. F.
_q(Joseph Franklin),
_d1869-1942.
_994450
245 1 0 _aReconciliation :
_ba plain statement of the gracious provision Jehovah has made to bring all men into full harmony with Himself that the obedient ones may have everlasting life on earth in contentment and complete happiness /
_cJ. F. Rutherford.
250 _a500,000 ed.
260 _aBrooklyn, N.Y. [etc.] :
_bInternational Bible Students Association, Watch Tower Bible and Tract Society,
_cc1928
300 _a3 p. l., 9-360 p. :
_bill. ;
_c16 cm.
504 _aincludes index
650 0 _aJehovah's Witnesses.
_994451
942 _2ddc
_cBK
999 _c31065
_d31065